1248 1449 1578 1719 1965 1657 1459 1615 1647 1683 1945 1491 1425 1309 1023 1502 1298 1741 1300 1250 1037 1784 1893 1681 1997 1575 1255 1978 1148 1827 1327 1442 1281 1501 1642 1845 1659 1176 1026 1091 1220 1963 1733 1156 1226 1051 1312 1179 1678 1173 1432 2000 1647 1643 1032 1696 1401 1729 1599 1013 1868 1379 1560 1774 1239 1557 1966 1763 1732 1285 1140 1017 1640 1674 1631 1063 1754 1679 1001 1552 1399 1911 1665 1978 1079 1161 1245 1760 1925 1123 1121 1052 1629 1189 1183 1871 1850 1948 1455 BCNSPRNW ULIB Ver.6.0+V

เปลี่ยนเป็นภาษาไทย

Change to English
 แสดงรายละเอียดบรรณานุกรม
  กลับหน้าหลัก

Brief Record : Get Marc (ISO 2709) : E-mail record : QR code < ปิดหน้าต่าง
LEADER : 00000nam 2200000uu 4500
001    13399112319
003     ULIB
008    110627s||||||||th 000 0 tha d
020    9786160603626
090    นว.^bJ111T มปป.
100 0  Just Nightmare
245 00 The Puzzle one...คดี(ไม่)ลับฉบับนางมาร/^cJust Nightmare
260    กรุงเทพฯ :^bแจ่มใส,^cมปป.
300    199 หน้า
710 1  แจ่มใส
945    ^p149^l0^i030403
995    ทศพร
999 ^a ใช้งานได้ทุกระบบ
รายการนี้ยังไม่มีแท็ก
คุณยังไม่ได้ล็อกอิน คุณสามารถมีกิจกรรมร่วมกับเว็บไซต์ได้ แต่ต้องล็อกอินก่อน ::
  ล็อกอิน

รายการสื่อสารสนเทศ

ลำดับที่ ประเภท เลขเรียก/บาร์โค้ด สถานที่ สถานะ
- ไม่พบข้อมูล -

BibComment


ยังไม่เคยถูกคอมเมนท์

คอมเมนท์ทรัพยากรรายการนี้
  คอมเมนท์: The Puzzle oneคดี..


 Copyright 2026. Bcnsprnw @Library